Макрокинетика химических процессов и расчет реакторов: электронный курс

Detalhes bibliográficos
Autor principal: Ушева Н. В. Наталья Викторовна
Autor Corporativo: Национальный исследовательский Томский политехнический университет Институт природных ресурсов Кафедра химической технологии топлива и химической кибернетики
Resumo:Заглавие с экрана
Курс предусматривает изучение протекания химических реакций в реальных условиях в различных макрокинетических областях. Рассматриваются вопросы выбора оптимальных размеров и формы зерна катализатора, влияние макрокинетических осложнений на селективность химических процессов. Рассматриваются расчет и моделирование различных типов химических реакторов с учетом макрокинетических осложнений. Осваиваются численные методы решения задач макрокинетики и расчета химических реакторов.
Доступ по логину и паролю
Idioma:russo
Publicado em: Томск, TPU Moodle, 2017
Assuntos:
Acesso em linha:https://design.lms.tpu.ru/course/view.php?id=1827
Formato: Recurso Electrónico Livro
KOHA link:https://koha.lib.tpu.ru/cgi-bin/koha/opac-detail.pl?biblionumber=667287

MARC

LEADER 00000nlm0a2200000 4500
001 667287
005 20231102030917.0
035 |a (RuTPU)RU\TPU\network\38492 
035 |a RU\TPU\network\37235 
090 |a 667287 
100 |a 20220314d2017 m y0rusy50 ca 
101 0 |a rus 
102 |a RU 
105 |a a j 000zy 
135 |a jrcn ---uucaa 
181 0 |a i  
182 0 |a b 
200 1 |a Макрокинетика химических процессов и расчет реакторов  |e электронный курс  |f Н. В. Ушева  |g Национальный исследовательский Томский политехнический университет, Институт природных ресурсов, Кафедра химической технологии топлива и химической кибернетики  
203 |a Текст  |c электронный 
210 |a Томск  |c TPU Moodle  |d 2017 
230 |a Электрон. дан. 
300 |a Заглавие с экрана 
330 |a Курс предусматривает изучение протекания химических реакций в реальных условиях в различных макрокинетических областях. Рассматриваются вопросы выбора оптимальных размеров и формы зерна катализатора, влияние макрокинетических осложнений на селективность химических процессов. Рассматриваются расчет и моделирование различных типов химических реакторов с учетом макрокинетических осложнений. Осваиваются численные методы решения задач макрокинетики и расчета химических реакторов. 
333 |a Доступ по логину и паролю 
606 1 |a Химическая технология  |x Процессы  |x Математическое моделирование  |2 stltpush  |3 (RuTPU)RU\TPU\subj\30941 
606 1 |a Химические реакторы  |2 stltpush  |3 (RuTPU)RU\TPU\subj\31327  |9 54204 
610 1 |a электронный ресурс 
610 1 |a труды учёных ТПУ 
610 1 |a электронное обучение 
610 1 |a электронные курсы ТПУ 
610 1 |a электронные учебные пособия 
610 1 |a дистанционное образование 
610 1 |a дистанционное обучение 
610 1 |a макрокинетика 
610 1 |a диффузия 
610 1 |a теплопередача 
610 1 |a наблюдаемые величины 
610 1 |a селективность 
610 1 |a химические реакторы 
610 1 |a моделирование 
610 1 |a стационарные процессы 
610 1 |a нестационарные процессы 
675 |a  66.011(075.8)  |v 4 
675 |a  66.023.2(075.8)  |v 4 
700 1 |a Ушева  |b Н. В.  |c химик-технолог  |c доцент Томского политехнического университета, кандидат химических наук  |f 1948-  |g Наталья Викторовна  |2 stltpush  |3 (RuTPU)RU\TPU\pers\24906 
712 0 2 |a Национальный исследовательский Томский политехнический университет  |b Институт природных ресурсов  |b Кафедра химической технологии топлива и химической кибернетики  |h 105  |2 stltpush  |3 (RuTPU)RU\TPU\col\18665 
801 2 |a RU  |b 63413507  |c 20220808  |g RCR 
856 4 |u https://design.lms.tpu.ru/course/view.php?id=1827 
942 |c CF